El cuaderno de Luismi o yo estuve allí y alguien no estuvo

Saved in:
Bibliografiske detaljer
Hovedforfatter: Barrena, Pablo (Author)
Format: Bog
Sprog:spansk
Udgivet: Santiago Anaya 1999
Udgivelse:1a. ed
Serier:Colección Sopa de Letras, 37
Fag:
Tags: Tilføj Tag
Ingen Tags, Vær først til at tagge denne postø!

MARC

LEADER 00000nam a2200000 a 4500
001 UCG2504
003 CL-VaPUC
008 100708e19991000CL |||||||||||||||||spa|d
020 |a 8420792322 
082 0 4 |a 809.9282  |b BAR  |2 21 
100 0 |a Barrena, Pablo  |e author  |9 550955 
245 1 3 |a El cuaderno de Luismi o yo estuve allí y alguien no estuvo 
250 |a 1a. ed 
300 |a 120 p 
942 |c BK 
945 |d 20100708 00:00:00  |a mfarfan 
260 |a Santiago  |b Anaya  |c 1999 
500 |a Ilustraciones de MIguel Calatayud 
650 0 |a Literatura infantil   |9 307465 
650 0 |a Literatura española  |9 306261 
650 0 |a Escritores españoles  |9 318145 
583 |a last modification  |c 20100708 00:00:00  |k Rodrigo Vera 
490 0 |a Colección Sopa de Letras, 37 
999 |c 341648  |d 341646